Educación plástica iii /

Guardado en:
Autor Principal: Ramirez Burillo, Pablo
Formato: Libro
Publicado: Buenos Aires : Santillana, 1990
Etiquetas: Agregar Etiqueta
Sin Etiquetas, Sea el primero en etiquetar este registro!
LEADER 00402nam a22001455a 4500
001 CEM.cems005292
005 20060220000000.0
008 130507s1990##################000#0#####d
003 CEMS
082 0 4 |a 700 
100 1 |a Ramirez Burillo, Pablo 
245 1 0 |a Educación plástica iii / 
260 |a Buenos Aires :  |b Santillana,  |c 1990 
300 |a 1111 
859 |a CEMS  |b BIB. CEMS - 11 de abril  |h 700  |i R145/III  |p 16459.91  |t Ej.1